Reglamento para la atención de minusválidos en el Distrito Federal /

Gespeichert in:
Bibliographische Detailangaben
Körperschaft: México (D.F.)
Format: Buch
Sprache:Spanisch
Veröffentlicht: México : Asamblea de Representantes del Distrito Federal, 1990
Schlagworte:
Tags: Tag hinzufügen
Keine Tags, Fügen Sie das erste Tag hinzu!

MARC

LEADER 00000nam^a2200000^a^4500
001 000009568
005 20250521000000.0
009 20260526113036.959
037 |a Acervo ITESO - Biblioteca 
041 |a ESP 
082 |a 344. 72530324  |b MEX 1990 
110 |a México (D.F.) 
240 1 1 |a [Leyes, etc.] 
245 1 0 |a Reglamento para la atención de minusválidos en el Distrito Federal / 
264 1 |a México :  |b Asamblea de Representantes del Distrito Federal,  |c 1990 
300 |a 16 p. 
336 |a texto  |b txt  |2 rdacontenido 
337 |a sin mediación  |b n  |2 rdamedio 
338 |a volumen  |b nc  |2 rdasoporte 
649 |a XX 
650 |a Discapacitados -  |z México (D.F.) -  |x Condiciones Jurídicas 
650 |a Discapacitados -  |z México -  |x Condiciones Jurídicas 
650 |a Discapacitados -  |z México (D.F.) -  |x Leyes y Reglamentos 
650 |a Discapacitados -  |z México -  |x Leyes y Reglamentos 
650 |a Derecho Social -  |z México (D.F.) -  |x Leyes y Reglamentos 
650 |a Derecho Social -  |z México -  |x Leyes y Reglamentos 
650 |a Derecho Público -  |z México (D.F.) 
650 |a Derecho Público -  |z México 
910 |a Fondo General 
920 |a Impresos - Libros 
930 |a Colección General 
905 |a 101 
901 |a 0095680100  |b IT1  |c ACC  |i 009568  |u 20250521 
902 |a https://opac.biblio.iteso.mx/vufind/Record/000009568